<?xml version="1.0" encoding="UTF-8"?><?xml-stylesheet type="text/xsl" href="static/style.xsl"?><OAI-PMH xmlns="http://www.openarchives.org/OAI/2.0/" xmlns:xsi="http://www.w3.org/2001/XMLSchema-instance" xsi:schemaLocation="http://www.openarchives.org/OAI/2.0/ http://www.openarchives.org/OAI/2.0/OAI-PMH.xsd"><responseDate>2026-04-14T06:59:21Z</responseDate><request verb="GetRecord" identifier="oai:www.recercat.cat:2445/153303" metadataPrefix="marc">https://recercat.cat/oai/request</request><GetRecord><record><header><identifier>oai:recercat.cat:2445/153303</identifier><datestamp>2025-12-04T20:57:25Z</datestamp><setSpec>com_2072_1057</setSpec><setSpec>col_2072_478796</setSpec><setSpec>col_2072_478917</setSpec></header><metadata><record xmlns="http://www.loc.gov/MARC21/slim" xmlns:dcterms="http://purl.org/dc/terms/" xmlns:xsi="http://www.w3.org/2001/XMLSchema-instance" xmlns:doc="http://www.lyncode.com/xoai" xsi:schemaLocation="http://www.loc.gov/MARC21/slim http://www.loc.gov/standards/marcxml/schema/MARC21slim.xsd">
   <leader>00925njm 22002777a 4500</leader>
   <datafield ind2=" " ind1=" " tag="042">
      <subfield code="a">dc</subfield>
   </datafield>
   <datafield ind2=" " ind1=" " tag="720">
      <subfield code="a">Flores Tapia, Nelly Esther</subfield>
      <subfield code="e">author</subfield>
   </datafield>
   <datafield ind2=" " ind1=" " tag="720">
      <subfield code="a">Sirés Sadornil, Ignacio</subfield>
      <subfield code="e">author</subfield>
   </datafield>
   <datafield ind2=" " ind1=" " tag="720">
      <subfield code="a">Rodríguez González, Rosa Ma.</subfield>
      <subfield code="e">author</subfield>
   </datafield>
   <datafield ind2=" " ind1=" " tag="720">
      <subfield code="a">Centellas Masuet, Francesc A.</subfield>
      <subfield code="e">author</subfield>
   </datafield>
   <datafield ind2=" " ind1=" " tag="720">
      <subfield code="a">Cabot Julià, Pere-Lluís</subfield>
      <subfield code="e">author</subfield>
   </datafield>
   <datafield ind2=" " ind1=" " tag="720">
      <subfield code="a">Garrido Ponce, José Antonio</subfield>
      <subfield code="e">author</subfield>
   </datafield>
   <datafield ind2=" " ind1=" " tag="720">
      <subfield code="a">Brillas, Enric</subfield>
      <subfield code="e">author</subfield>
   </datafield>
   <datafield ind2=" " ind1=" " tag="260">
      <subfield code="c">2020-03-23T09:40:35Z</subfield>
   </datafield>
   <datafield ind2=" " ind1=" " tag="260">
      <subfield code="c">2020-03-23T09:40:35Z</subfield>
   </datafield>
   <datafield ind2=" " ind1=" " tag="260">
      <subfield code="c">2016-08-04</subfield>
   </datafield>
   <datafield ind2=" " ind1=" " tag="260">
      <subfield code="c">2020-03-23T09:40:35Z</subfield>
   </datafield>
   <datafield ind2=" " ind1=" " tag="520">
      <subfield code="a">The degradation of 100 mL of solutions containing 4-hydroxyphenylacetic acid in 0.050 M Na2SO4 at pH 3.0 has been performed by anodic oxidation with electrogenerated H2O2 (AO-H2O2) using a stirred tank reactor equipped with a boron-doped diamond (BDD) anode and an air-diffusion cathode. An almost total mineralization with 95.5% total organic carbon (TOC) removal was achieved for a 1.03 mM substrate solution at 100 mA cm-2. The effect of current density between 16.7 and 100 mA cm-2 and 4-hydroxyphenylacetic acid content between 0.21 and 2.06 mM was examined. Greater current efficiency with lower specific energy consumption and smaller mineralization was found at low current density and high substrate concentration. The TOC abatement as well as the 4-hydroxyphenylacetic acid concentration decay obeyed a pseudo-first-order kinetics. The oxidation role of hydroxyl radical formed from water discharge at the BDD anode is explained on the basis of its electrogeneration rate and competitive wasting reactions. 4-Hydroxybenzenemethanol and its derivative 4-hydroxybenzenealdehyde were identified as primary aromatic by-products by gas chromatography-mass spectrometry. Ion-exclusion HPLC allowed the detection of low amounts of the persistent oxalic acid during the AO-H2O2 process. The remaining TOC in final electrolyzed solutions is related to the presence of a large proportion of unidentified by-products that are even more recalcitrant than common short-linear aliphatic carboxylic acids.</subfield>
   </datafield>
   <datafield tag="653" ind2=" " ind1=" ">
      <subfield code="a">Depuració d'aigües residuals</subfield>
   </datafield>
   <datafield tag="653" ind2=" " ind1=" ">
      <subfield code="a">Oxidació electroquímica</subfield>
   </datafield>
   <datafield tag="653" ind2=" " ind1=" ">
      <subfield code="a">Purification of sewage</subfield>
   </datafield>
   <datafield tag="653" ind2=" " ind1=" ">
      <subfield code="a">Electrolytic oxidation</subfield>
   </datafield>
   <datafield ind2="0" ind1="0" tag="245">
      <subfield code="a">Removal of 4-hydroxyphenylacetic acid from aqueous medium by electrochemical oxidation with a BDD anode: mineralization, kinetics and oxidation products</subfield>
   </datafield>
</record></metadata></record></GetRecord></OAI-PMH>